| 000 | 00554nam a2200133 4500 | ||
|---|---|---|---|
| 008 | 0 2005 0a 000 0MEX | ||
| 050 | _aQA76.27 MR5 H3 2005 | ||
| 082 | _a001.6 H3s | ||
| 100 | _aHern ndez Gatica, Victor Manuel | ||
| 245 | _aSistema para el manejo y control de reportes de fallas de soporte tecnico / Victor Manuel Hern ndez Gatica | ||
| 300 | _a69 p. / 29 cm. | ||
| 502 | _aMemoria de residencia profesional. Opcón x. I.T.Z. (Informatica) M.C. José Antonio Hern ndez Reyes | ||
| 650 | _a1.BASE DE DATOS \ 2.DISEÑO DEL SISTEMA | ||
| 999 |
_c18484 _d18484 |
||